书目信息 |
| 题名: |
猫城记
|
|
| 作者: | 老舍, 著 | |
| 分册: | ||
| 出版信息: | 石家庄 花山文艺出版社 2019.04 |
|
| 页数: | 202页 | |
| 开本: | 20cm | |
| 丛书名: | ||
| 单 册: | ||
| 中图分类: | I246.57 | |
| 科图分类: | ||
| 主题词: | 长篇小说--chang pian xiao shuo--中国--现代 | |
| 电子资源: | ||
| ISBN: | 978-7-5511-3934-2 | |
| 000 | 01028nam0 2200241 450 | |
| 001 | 202019137961 | |
| 005 | 20191026133321.0 | |
| 010 | @a978-7-5511-3934-2@b精装@dCNY46.00 | |
| 100 | @a20191023d2019 em y0chiy50 ea | |
| 101 | 0 | @achi |
| 102 | @aCN@b130000 | |
| 105 | @ay z 000ay | |
| 106 | @ar | |
| 200 | 1 | @a猫城记@Amao cheng ji@f老舍著 |
| 210 | @a石家庄@c花山文艺出版社@d2019.04 | |
| 215 | @a202页@d20cm | |
| 314 | @a老舍, 中国现代著名小说家、戏剧家, 新中国第一位获得“人民艺术家”称号的作家。 | |
| 330 | @a本书是中国现代著名作家老舍的知名作品。主要讲述一架飞往火星的飞机在碰撞到火星的一刹那机毁人亡, 只剩下主人公“我”幸存下来, 被一群长着猫脸的外星人带到了他们的猫城, 开始了艰难的外星生活。作者借对猫人混乱生活和丑恶行径的描写, 抨击了当时中国国内的纷争引发的混乱。而猫人的全族毁灭, 也显露了作者对民族前途的担忧。 | |
| 606 | 0 | @a长篇小说@Achang pian xiao shuo@y中国@z现代 |
| 690 | @aI246.57@v5 | |
| 701 | 0 | @a老舍,@Alao she@f1899-1966@4著 |
| 801 | 0 | @aCN@c20190905 |
| 905 | @a河南城建学院图书馆@dI246.57@eL072-4 | |
| 猫城记/老舍著.-石家庄:花山文艺出版社,2019.04 |
| 202页;20cm |
| ISBN 978-7-5511-3934-2(精装):CNY46.00 |
| 本书是中国现代著名作家老舍的知名作品。主要讲述一架飞往火星的飞机在碰撞到火星的一刹那机毁人亡, 只剩下主人公“我”幸存下来, 被一群长着猫脸的外星人带到了他们的猫城, 开始了艰难的外星生活。作者借对猫人混乱生活和丑恶行径的描写, 抨击了当时中国国内的纷争引发的混乱。而猫人的全族毁灭, 也显露了作者对民族前途的担忧。 |
| ● |
| 相关链接 |
|
|
|
正题名:猫城记
索取号:I246.57/L072-4
 
预约/预借
| 序号 | 登录号 | 条形码 | 馆藏地/架位号 | 状态 | 备注 |
| 1 | 1447042 | 214470428 | 文学库108/108文学库 24排5列2层/ [索取号:I246.57/L072-4] | 在馆 | |
| 2 | 1447043 | 214470437 | 文学库108/108文学库 24排5列2层/ [索取号:I246.57/L072-4] | 在馆 | |
| 3 | 1513053 | 215130533 | 文学库108/108文学库 24排5列2层/ | 在馆 |